000 00768nam a2200265Ia 4500
003 OSt
005 20220925203330.0
006 a|||||r|||| 00| 0
007 ta
008 220923b |||||||| |||| 00| 0 eng d
037 _cGeneral Book
040 _aRTL
_cRTL
_beng
041 _2eng
_aeng
082 _aX:54.1-1.N8, M8
100 _aBertsch Gary K
_9119835
245 0 _aControlling East-West trade and technology transfer
260 _aDurham
_bDuke University Press
_c1988
300 _axiv,506p
_ccm.
490 _aCenter for East-West Trade Policy
500 _aAppendix P 443-48
650 _a Economics
650 _aInternational Trade
942 _hX:54.1-1.N8, M8
_cGB
_2CC
999 _c546002
_d546002